[Event "Zlin Region-chT 2223"]
[Site "Czech Republic"]
[Date "2022.12.11"]
[Round "5.8"]
[White "Lev, Frantisek"]
[Black "Charcenko, Valerij"]
[Result "0-1"]
[WhiteElo "1552"]
[BlackElo "1809"]
[PlyCount "76"]
[EventDate "2022.10.09"]
[EventType "team-tourn"]
[EventRounds "11"]
[EventCountry "CZE"]
[SourceTitle "EXT 2024"]
[Source "ChessBase"]
[SourceDate "2023.10.10"]
[SourceVersion "1"]
[SourceVersionDate "2023.10.10"]
[SourceQuality "1"]
[WhiteTeam "Valasske Mezirici"]
[BlackTeam "Postoupky Sokol"]
[WhiteTeamCountry "CZE"]
[BlackTeamCountry "CZE"]

1. d4 Nf6 2. Nf3 e6 3. Bg5 Be7 4. c4 d6 5. Nc3 Nbd7 6. Qc2 c6 7. e4 Qc7 8. Bd3 e5 9. d5 h6 10. Bd2 0-0 11. 0-0 Nh7 12. h3 Nc5 13. Be2 f5 14. Na4 Nxe4 15. Bd3 Nxd2 16. Nxd2 Bd7 17. f4 e4 18. Be2 cxd5 19. Rac1 d4 20. c5 Kh8 21. Qc4 dxc5 22. Nxc5 Bxc5 23. Qxc5 Qxc5 24. Rxc5 d3 25. Bh5 Rac8 26. Rfc1 b6 27. Rxc8 Rxc8 28. Rxc8+ Bxc8 29. Kf2 Be6 30. b3 Nf6 31. Bd1 Nd5 32. Nc4 Nxf4 33. h4 g6 34. g3 Nd5 35. a4 Nc3 36. Ke1 Kg7 37. Kd2 Nxd1 38. Kxd1 Bxc4 0-1